| 000 | 00983nam a2200241Ii 4500 | ||
|---|---|---|---|
| 003 | JO-AjNU | ||
| 008 | 230605s9999||||xx |||||||||||||| ||und|| | ||
| 017 | _a2014/9/4581 | ||
| 020 | _a978-9957-721-05-3 | ||
| 040 |
_aJO-AjNU _bara _erda _cJO-AjNU |
||
| 041 | _aara | ||
| 050 | 1 | 4 | _aDT95.7.K43.2015 |
| 100 | 3 |
_aالخزاعله، ياسر طالب راجي, _eauthor _960916 |
|
| 245 | 0 | 0 | _aالدولة الفاطمية في المغرب 296-365هـ/909-975م |
| 250 | _aط1 | ||
| 264 | 3 | 1 | _aعمان: زمزم ناشرون وموزعون، 2015 |
| 300 |
_a258ص _bيحتوي على ملاحق من ص(273-285) |
||
| 336 |
_atext _btxt _2rdacontent |
||
| 337 |
_aunmediated _bn _2rdamedia |
||
| 338 |
_avolume _bnc _2rdacarrier |
||
| 490 | 0 | _aسلسلة الدول العربية في المغرب العربي بين القرنين الثاني والرابع الهجري 4 | |
| 650 | 4 |
_aالمغرب- الدولة الفاطمية-296-365هـ/909-975م- تاريخ _960917 |
|
| 999 |
_aA27504 _c31072 _d31072 |
||